Rhymes With Skate - Statistics

General Stats
  • This quiz has been taken 334 times
  • The average score is 22 of 26
Answer Stats
Hint Answer % Correct
M Mate
98%
D Date
97%
H Hate
97%
L Late
97%
A Ate
96%
F Fate
96%
G Gate
95%
W Wait
95%
R Rate
94%
B Bait
93%
P Plate
92%
G Grate
87%
P Pate
86%
S Slate
86%
W Weight
86%
G Great
84%
S State
83%
C Crate
81%
F Freight
77%
T Trait
77%
E Eight
75%
G Gait
74%
S Spate
67%
S Straight
62%
S Strait
51%
P Plait
41%
No matching quizzes found
Score Distribution
Percent of People with Each Score
Percentile by Number Answered
Your Score History
You have not taken this quiz